000
00319nam a22001337a 4500
008
181226b xxu||||| |||| 00| 0 eng d
020
_a
9780618221769
041
_a
eng
080
_2
3rd
_a
510
100
_a
36
101
_a
MAT
245
_a
Elementary Geometry For College Students
_c
Alexander,D.C
942
_2
udc
_c
BK
999
_c
53788
_d
53788